[Event "HCL-B3854"]
[Site "www.playchess.de"]
[Date "2006.02.15"]
[Round "1"]
[White "Ivan_Lacerda"]
[Black "Phileas"]
[WhiteElo "1203"]
[BlackElo "1467"]
[PlyCount "82"]
[Result "0-1"]

1.e4 {Hi friend! Good game for us!!!}  e6 {good 
luck! Thanks for the game}  2.Nf3 Nc6 3.Bb5 {Do 
you know a city Vitry en Perthois in France ?}  
Nge7 {It rings a bell, but I am not really sure 
where the city is located. Why? Do you happen to 
live there?}  4.Nc3 {No, I ask you because there 
is a friend that leaves there. A friend of high 
school...}  a6 {I see. Do you live in Brazil now, 
then?}  5.Ba4 {I always leaved in Brazil, only my 
friend that married and, since so, she leaves in 
your contry.}  b5 {OK, do you think she likes 
France? I have never been to your country, but I 
have always dreamed to. Maybe some day I will have 
a chance...
:)}  6.Bb3 {Yes, she loves France. About you, if 
you want to know my country, it´s enough to write 
to me !!! hehehehehe (email: prof.ivan.lacerda@terra.com.br)} 
 Bb7 {I will write to you no problem! Thanks for 
offerring! stehpane.bordas@epfl.ch}  7.a4 {Oh, not 
at all. I leave in Campo Grande City, State of 
Mato Grosso do Sul, middle west. It´s a beautiful 
place with river and many fishes and birds!!!}  g6 
8.d3 Bg7 {my son (2nd chlid was just born!!), 
Augustin, I am so HAPPY!!! :) Great, lots of birds 
and fishes, where I would like to live... 
mountains, also? Or Lakes?}  9.Bd2 
{Congratulations to you !!! God bless your son !!! 
Here there are not montains, but many rivers, 
animals and a beautiful nature.}  O-O {Thanks! 
It's great to hear that nature is still preserved, 
at least at one place! You are a professor? I am 
also in the university system... :)}  10.axb5 {I 
am a lawyer, and professor at University. I teach 
Criminal Law, at least I am trying, hehehehe.}  
axb5 11.Rxa8 Qxa8 12.Nxb5 Rc8 13.c3 Ba6 14.Bc4 d5 
15.exd5 exd5 16.Nxc7 Rxc7 {That was a good move. 
:)}  17.Bxa6 {Yes, congratulations.}  Qxa6 
{Thanks! :) It is great to be a parent, once 
more!}  18.Bf4 Rb7 19.Qc2 Qa1+ 20.Bc1 Bh6 21.O-O 
Bxc1 22.Rxc1 Qxb2 23.Qxb2 Rxb2 24.h3 f6 25.g4 Ne5 
26.Nxe5 fxe5 27.c4 d4 28.Kg2 Rd2 29.c5 Rxd3 30.c6 
Rc3 31.Re1 Nxc6 32.f3 Kf7 33.Kg3 Kf6 34.h4 h5 
35.Kf2 Rc2+ 36.Kg3 Na5 37.Ra1 Nc4 38.Ra6+ Kg7 
39.Rc6 d3 40.Rc5 d2 41.Rd5 Ne3 0-1

[Event "HCL-E1516"]
[Site "www.playchess.de"]
[Date "2006.02.15"]
[Round "7"]
[White "BOSTER"]
[Black "PRIMAK"]
[WhiteElo "1947"]
[BlackElo "1741"]
[PlyCount "103"]
[Result "1-0"]

1.e4 {Hello! Good luck.}  e6 {Hello from Russia!}  
2.d4 d5 3.Nc3 Bb4 4.e5 c5 5.a3 Bxc3+ 6.bxc3 cxd4 
7.cxd4 Qc7 8.Nf3 Bd7 9.Bd3 Ne7 10.O-O Nbc6 11.Qd2 
Nf5 12.Qf4 Nce7 13.a4 Ng6 14.Qg5 b6 15.g4 Nfe7 
16.Ba3 Nc6 17.c4 dxc4 18.Be4 Rc8 19.Nd2 Qd8 20.Qe3 
Nce7 21.Bxg6 hxg6 22.Ne4 Rc7 23.d5 exd5 24.Nd6+ 
Kf8 25.Qf4 Be6 26.Nxf7 Bxf7 27.e6 Kg8 28.exf7+ Kf8 
29.g5 Rh3 30.f3 Rh4 31.Qxh4 Kxf7 32.Bxe7 Rxe7 
33.Rfe1 c3 34.Qf4+ Kg8 35.Rxe7 Qxe7 36.h4 Kh7 
37.Kf2 Qc5+ 38.Qe3 Qc7 39.Qd4 c2 40.Rc1 a6 41.Ke3 
b5 42.Kd2 bxa4 43.Qxd5 Qf4+ 44.Kxc2 a3 45.h5 gxh5 
46.Qe4+ Qxe4+ 47.fxe4 h4 48.e5 a2 49.Kb2 h3 50.e6 
Kg8 51.Rf1 h2 52.e7 1-0

[Event "HCL-C4082"]
[Site "www.playchess.de"]
[Date "2006.02.15"]
[Round "3"]
[White "spartan1"]
[Black "Little_Liberty"]
[WhiteElo "928"]
[BlackElo "1391"]
[PlyCount "52"]
[Result "0-1"]

1.e4 e5 2.Nc3 Nf6 3.Nf3 Nc6 4.Bc4 Bc5 5.O-O O-O 
6.d3 d6 7.Bg5 h6 8.Bxf6 Qxf6 9.Nd5 Qd8 10.a3 Bg4 
11.h3 Bh5 12.g4 Bg6 13.c3 Na5 14.d4 exd4 15.Bd3 
dxc3 16.Nxc3 Nc6 17.Nd5 Re8 18.Re1 Ne5 19.Be2 Bxe4 
20.Nxe5 Rxe5 21.Nc3 Bc6 22.Bf3 Rxe1+ 23.Qxe1 Bxf3 
24.Rc1 Qh4 25.Qf1 Qg3+ 26.Qg2 {That was pretty 
sneaky. Good game on your part.}  
Qxg2+ 0-1

[Event "HCL-T258"]
[Site "www.playchess.de"]
[Date "2006.02.15"]
[Round "13"]
[White "Sixty4"]
[Black "Goofy"]
[WhiteElo "1719"]
[BlackElo "2000"]
[PlyCount "46"]
[Result "0-1"]

1.b4 a5 2.bxa5 {Ich wünsche dir eine interessante 
Partie! Wir sind wohl schon auf gutem Wege...}  c6 
{Hallo Thomas, das gleiche wünsche ich Dir auch! 
Gruss Erik}  3.Nf3 {Gerade noch rechtzeitig - 
sorry!}  d5 4.e3 Qxa5 5.Be2 Nf6 6.O-O g6 7.c4 Bg7 
8.Bb2 O-O 9.h3 Nbd7 10.cxd5 Nxd5 11.Bxg7 Kxg7 
12.d4 N7f6 13.Qb3 Qb4 14.Bc4 b5 15.Bxd5 {Bitter - 
aber ich habe wohl keine Wahl.}  Nxd5 {Ich auch 
nicht!? ;o))}  16.Qxb4 {Jetzt aber hast du eine 
Wahl. Ich finde Lf5 wäre jetzt positionell sehr 
stark. ;-)}  Nxb4 {...später vielleicht!? ;o))}  
17.Rc1 Be6 18.a3 {Jetzt habe ich tatsächlich Bf5 
erwartet. Bin gespannt, wie es weiter geht.}  Ra6 
19.Nbd2 Rfa8 20.Rc3 {Du machst ja ganz schön 
Druck! :-(}  f6 {...so gut es geht!? ;o))}  21.Ne4 
{Jetzt kommt die Kavalerie zur Hilfe => deine 
Indianer müssen fliehen (bei John Wayne hat das 
immer geklappt).}  Bd5 {...aber meine Indianer 
sind eigentlich gar nicht auf der Flucht!? ;o))}  
22.Nc5 {... und jetzt? ;-)}  R6a7 {Jetzt zieh wir 
uns erstmal zurück!? ;o))}  23.e4 {Das gefällt mir 
- bleiben wir bei diesem Vorgehen! ;-)}  Bf7 
{Sorry, ich meinte ziehen sich temporär zurück!? 
;o))}  0-1

[Event "HCL-B3836"]
[Site "www.playchess.de"]
[Date "2006.02.15"]
[Round "9"]
[White "IRONMAIDEN"]
[Black "willi_weizenkeim"]
[WhiteElo "1293"]
[BlackElo "1034"]
[PlyCount "97"]
[Result "0-1"]

1.e4 {Hallo, Willi W., war der nicht eine 
Comic-Figur aus MAD oder so?}  g6 {jaaaa, genau 
:-)

meinen alten i.m.-sticker hat letzens mein sohn 
beim wühlen aufm speicher gefunden :-)}  2.d4 Bg7 
3.e5 e6 4.Nf3 Nc6 5.Bb5 Nge7 6.O-O O-O 7.b3 a6 
8.Bxc6 dxc6 9.Bb2 Nf5 10.Na3 b5 11.c4 b4 12.Nc2 a5 
13.Ne3 Bb7 14.Nxf5 exf5 15.Kh1 Re8 16.c5 Ba6 
17.Re1 Bh6 18.Bc1 Bxc1 19.Rxc1 Qd5 20.Rc2 h6 21.h3 
Re6 22.Rd2 Kh7 23.Nh4 f6 24.exf6 Rxf6 25.Nf3 Raf8 
26.Ne5 Re6 27.f4 Rfe8 28.Rf2 Bb5 29.Rf3 h5 30.Rg3 
Kg7 31.Ree3 Kh6 32.Rg5 R6xe5 33.fxe5 Kxg5 34.h4+ 
Kh6 35.Qc1 g5 36.hxg5+ Kxg5 37.e6 Kf6 38.Re5 Qxd4 
39.Re3 {irgendwo hab ich mich verkuckt - jetzt 
schaut`s aus, wie ein Fall für Alfred 
E.Neumann...}  Rxe6 {och :-)}  40.Rg3 Qf2 41.Qh6+ 
Ke5 42.Qg7+ Ke4 43.Qg5 Qf4 44.Qxf4+ {das war`s 
dann wohl, jetzt fallen mir keine großartigen 
Tricks mehr ein}  Kxf4 {es war ein spannendes 
spiel, sehr abwechsulgsreich !}  45.Rf3+ Ke5 
46.Re3+ Kd5 47.Rxe6 Kxe6 48.Kh2 f4 
49.Kh3 0-1

[Event "HCL-B3875"]
[Site "www.playchess.de"]
[Date "2006.02.15"]
[Round "6"]
[White "Madbg"]
[Black "aleks"]
[WhiteElo "1200"]
[BlackElo "1400"]
[PlyCount "62"]
[Result "1-0"]

1.d4 d6 2.e3 f5 3.Nf3 Nf6 4.Nc3 a6 5.Bd3 e6 6.Ng5 
Qe7 7.e4 Nc6 8.Bf4 e5 9.dxe5 dxe5 10.Bg3 f4 11.Bh4 
h6 12.Nf3 g5 13.Nd5 Nxd5 14.exd5 e4 15.dxc6 exd3+ 
16.Kf1 Qe2+ 17.Qxe2+ dxe2+ 18.Kxe2 bxc6 19.Ne5 Bb7 
20.Rhe1 Rh7 21.Kf1 O-O-O 22.f3 gxh4 23.Re4 Bd6 
24.Nc4 c5 25.Re6 Bd5 26.Nxd6+ cxd6 27.Ree1 Bc6 
28.Rad1 d5 29.Re6 Kb7 30.Rf6 Re8 31.Rxf4 
Bb5+ 1-0

[Event "HCL-B3875"]
[Site "www.playchess.de"]
[Date "2006.02.15"]
[Round "10"]
[White "aleks"]
[Black "vulcan"]
[WhiteElo "1400"]
[BlackElo "1133"]
[PlyCount "23"]
[Result "0-1"]

1.e4 e6 2.d3 d5 3.f3 c5 4.e5 Nc6 5.f4 Be7 6.Nf3 f6 
7.g3 fxe5 8.Nxe5 Nxe5 9.fxe5 Nh6 10.Qh5+ Nf7 
11.Bg2 O-O 12.O-O 0-1

[Event "HCL-B3875"]
[Site "www.playchess.de"]
[Date "2006.02.15"]
[Round "4"]
[White "holysamos"]
[Black "aleks"]
[WhiteElo "1200"]
[BlackElo "1400"]
[PlyCount "30"]
[Result "1-0"]

1.d4 e6 2.e4 c5 3.c3 Qh4 4.Bd3 f5 5.Nf3 Qf6 6.exf5 
exf5 7.O-O h6 8.Re1+ Kd8 9.Bf4 Nc6 10.d5 Nce7 
11.Bb5 d6 12.Qb3 g5 13.Bd2 b6 14.c4 Bd7 15.Bc3 
Qf7 1-0

[Event "HCL-A2572"]
[Site "www.playchess.de"]
[Date "2006.02.15"]
[Round "6"]
[White "foinaven"]
[Black "gridguy"]
[WhiteElo "1415"]
[BlackElo "1743"]
[PlyCount "88"]
[Result "0-1"]

1.d4 d5 2.c4 Nf6 3.cxd5 e6 4.Nc3 exd5 5.Bg5 Bb4 
6.Qc2 Nc6 7.e3 O-O 8.Nf3 Qd6 9.Be2 Ne4 10.Bf4 Qd8 
11.O-O Bf5 12.Bd3 Bxc3 13.bxc3 Re8 14.Rfe1 Bg4 
15.Be2 a6 16.a4 Na5 17.Ne5 Bxe2 18.Rxe2 Nc4 19.f3 
Nf6 20.Nxc4 dxc4 21.e4 c6 22.Bg5 h6 23.Bh4 g5 
24.Bf2 b5 25.Rae1 Re6 26.Bg3 Nh5 27.Bf2 Nf4 
28.R2e3 Nd3 29.Ra1 a5 30.Re2 Nf4 31.Rd2 Nd3 32.Be3 
f5 33.exf5 Rxe3 34.Rdd1 Qd5 35.f6 Kf7 36.Rdb1 Kxf6 
37.Ra2 b4 38.cxb4 axb4 39.Qd1 Qxd4 40.Kf1 Re1+ 
41.Qxe1 Nxe1 42.Rxe1 b3 43.Rae2 b2 44.Rxb2 
Qxb2 0-1

[Event "HCL-A2554"]
[Site "www.playchess.de"]
[Date "2006.02.15"]
[Round "25"]
[White "CYTO"]
[Black "freno"]
[WhiteElo "1248"]
[BlackElo "1577"]
[PlyCount "88"]
[Result "0-1"]

1.e4 {Hello}  c6 {hello from Paris, happy new 
year}  2.d4 {hello and happy new year from 
tennessee}  d5 3.exd5 cxd5 4.h3 Nc6 5.Nf3 Bf5 
6.Bd3 Bxd3 7.Qxd3 e6 8.O-O Qb6 9.a3 Nf6 10.b4 Be7 
11.Nc3 a6 12.Bf4 h6 13.Rae1 O-O 14.Nh2 Qxd4 15.Qg3 
Nh5 16.Ne2 Nxg3 17.Nxd4 Nxf1 18.Nxc6 bxc6 19.Nxf1 
a5 20.Nd2 axb4 21.axb4 Bxb4 22.Rc1 Bxd2 23.Bxd2 
Ra2 24.Kf1 Rfa8 25.Ke2 R2a1 26.g4 Rxc1 27.Bxc1 c5 
28.f4 f6 29.Kd3 Kf7 30.Be3 Ra4 31.h4 g6 32.Bxc5 
Rxf4 33.g5 Rxh4 34.gxf6 Kxf6 35.Bf2 Ra4 36.c3 h5 
37.Bd4+ Rxd4+ 38.cxd4 g5 39.Ke3 Kf5 40.Kf3 e5 
41.dxe5 Kxe5 42.Ke3 g4 43.Kf2 Kf4 44.Kg2 
d4 0-1

[Event "HCL-C4134"]
[Site "www.playchess.de"]
[Date "2006.02.15"]
[Round "12"]
[White "foxcar"]
[Black "nichju"]
[WhiteElo "1221"]
[BlackElo "1067"]
[PlyCount "48"]
[Result "1-0"]

1.d4 {hi,have a good game
}  e6 {Greetings from Germany and good luck to 
you}  2.e4 d5 3.e5 f6 4.Bf4 Nc6 5.exf6 gxf6 6.Bb5 
Bd7 7.Bd2 e5 8.Qh5+ Ke7 9.Bxc6 Bxc6 10.dxe5 fxe5 
11.Qxe5+ Kd7 12.Qxh8 Qe7+ 13.Ne2 Re8 14.Nbc3 d4 
15.Qxd4+ Kc8 16.O-O-O Bxg2 17.Qg4+ Kb8 18.Qxg2 Bh6 
19.Bxh6 Nxh6 20.Rd2 Nf5 21.Nd5 Qe6 22.Rhd1 c6 
23.Ndf4 Qxa2 24.Nc3 Ne7 1-0

[Event "HCL-E1549"]
[Site "www.playchess.de"]
[Date "2006.02.15"]
[Round "3"]
[White "baggur"]
[Black "Nimzoindianboy"]
[WhiteElo "1631"]
[BlackElo "1498"]
[PlyCount "71"]
[Result "1-0"]

1.e4 {hello again}  e6 {HELLO AGAIN}  2.d4 d5 
3.Nc3 Bb4 4.e5 c5 5.a3 Bxc3+ 6.bxc3 Qc7 7.Nf3 Bd7 
8.Be2 Na6 9.O-O Ne7 10.a4 Rc8 11.Bd3 cxd4 12.cxd4 
Nb8 13.Ba3 Nbc6 14.Bd6 Qb6 15.Rb1 Qa5 16.Rxb7 Qxa4 
17.Bb5 Qa5 18.Qd3 Nf5 19.Bc5 Rd8 20.Bxc6 Bxc6 
21.Rxa7 Qb5 22.Qxb5 Bxb5 23.Rb1 Bd7 24.Rbb7 h6 
25.g4 Ne7 26.Nd2 Nc8 27.Ra1 h5 28.g5 h4 29.f4 h3 
30.Kf2 Bc6 31.Rc7 Bd7 32.Nb3 Rg8 33.Na5 Ne7 34.Nb7 
Rb8 35.Ra7 Nc6 36.Nd6+ 1-0

[Event "HCL-M887"]
[Site "www.playchess.de"]
[Date "2006.02.15"]
[Round "7"]
[White "Hamburger"]
[Black "bobp"]
[WhiteElo "1826"]
[BlackElo "1874"]
[PlyCount "57"]
[Result "1/2-1/2"]

1.d4 d6 {Ich wünsche uns viel Spaß. Gruß}  2.c4 
{Hi. Nice to meet you. Good luck. :-))}  e5 3.d5 
f5 4.Nc3 Nf6 5.Bg5 Be7 6.Bxf6 Bxf6 7.e4 O-O 8.Bd3 
g6 9.Nge2 f4 10.O-O Bd7 11.b4 Na6 12.Rb1 f3 
13.gxf3 Bh4 14.Ng3 Qf6 15.Be2 Bh3 16.Re1 Bg5 
17.Rb3 Rf7 18.Nb1 Raf8 19.c5 dxc5 20.Bxa6 Qxa6 
21.bxc5 Qa5 22.Re2 R7xf3 23.d6 Rxb3 24.Qxb3+ Rf7 
25.dxc7 Qxc7 26.Rc2 Kg7 27.Nh5+ gxh5 28.Qxh3 Kh8 
29.Qxh5 {(offering draw) What do you think about a 
draw?}  1/2-1/2

[Event "HCL-B3879"]
[Site "www.playchess.de"]
[Date "2006.02.15"]
[Round "21"]
[White "xmen"]
[Black "Ulpe"]
[WhiteElo "1433"]
[BlackElo "1604"]
[PlyCount "50"]
[Result "0-1"]

1.e4 c5 2.Nf3 d6 3.c3 Nf6 4.e5 dxe5 5.Nxe5 Nbd7 
6.Bb5 a6 7.Bxd7+ Nxd7 8.Nxd7 Bxd7 9.d4 Bc6 10.O-O 
Qd5 11.f3 O-O-O 12.b4 e5 13.bxc5 Bxc5 14.Ba3 exd4 
15.Qb3 Qxb3 16.axb3 Ba7 17.Kh1 d3 18.Nd2 Rhe8 
19.Rad1 Re2 20.c4 b5 21.Bb4 f5 22.Rfe1 Rde8 23.Nb1 
bxc4 24.bxc4 Ba4 25.Rdc1 Be3 0-1

[Event "HCL-C4130"]
[Site "www.playchess.de"]
[Date "2006.02.15"]
[Round "2"]
[White "epenz"]
[Black "ronan48"]
[WhiteElo "949"]
[BlackElo "876"]
[PlyCount "41"]
[Result "1-0"]

1.e4 {hi}  e5 {Hello !}  2.Nf3 Nc6 3.Nc3 d6 4.d3 
Nf6 5.Be2 a5 6.a3 b6 7.Be3 Be6 8.O-O g6 9.Qd2 Bg7 
10.h3 O-O 11.Rfe1 d5 12.Bh6 Bxh6 13.Qxh6 d4 14.Nb5 
Na7 15.Nxa7 Rxa7 16.Nxe5 c5 17.Nc6 Qa8 18.Nxa7 
Qxa7 19.Qg5 Qe7 20.e5 Kg7 21.exf6+ 1-0

[Event "HCL-A2602"]
[Site "www.playchess.de"]
[Date "2006.02.15"]
[Round "9"]
[White "PhilipKaveny"]
[Black "kilani"]
[WhiteElo "1318"]
[BlackElo "1299"]
[PlyCount "42"]
[Result "0-1"]

1.e4 c5 2.d4 {Hello and good luck}  cxd4 3.c3 dxc3 
4.Bc4 cxb2 5.Bxb2 Nc6 6.Nf3 d6 7.O-O Nf6 8.Ng5 e6 
9.a3 Be7 10.f4 Qb6+ 11.Kh1 Qxb2 12.Nd2 O-O 13.Rb1 
Qxa3 14.Rb3 Qa4 15.Rff3 Nd4 16.Rfh3 Nxb3 17.Bxb3 
Qd4 18.Ngf3 Qb4 19.e5 dxe5 20.Nxe5 Qxf4 21.Ndf3 
Ne4 0-1

[Event "HCL-A2565"]
[Site "www.playchess.de"]
[Date "2006.02.15"]
[Round "15"]
[White "MimiSiku"]
[Black "SMLooking"]
[WhiteElo "1525"]
[BlackElo "1460"]
[PlyCount "127"]
[Result "1-0"]

1.e4 {Hello from Würzburg, Germany. Have a nice 
game!}  e5 {Hi from Cairo Egypt, u2}  2.Nf3 Nc6 
3.d4 exd4 4.Nxd4 Nxd4 5.Qxd4 c5 6.Qe5+ Qe7 7.Qxe7+ 
Bxe7 8.Bc4 Nf6 9.Nc3 d6 10.O-O O-O 11.f3 a6 12.Nd5 
Nxd5 13.Bxd5 Rb8 14.a4 b6 15.c4 Be6 16.Be3 Bxd5 
17.exd5 Bf6 18.Rab1 b5 19.axb5 axb5 20.b3 bxc4 
21.bxc4 h6 22.Bf4 Be5 23.Bxe5 dxe5 24.Rxb8 Rxb8 
25.Re1 f6 26.Kf2 Rb4 27.Rc1 Kf7 28.g4 Ke7 29.h4 
Kd6 30.Ke3 g6 31.Ke4 Ra4 32.f4 exf4 33.Kxf4 Rb4 
34.g5 hxg5+ 35.hxg5 f5 36.Rc3 Ra4 37.Ke3 
{(offering draw)}  Ke5 38.Kf3 {You're sure, you 
gonna win this match???}  Ra7 {I am trying!}  
39.Rd3 {OK, me too...}  Rd7 40.Rd1 Rd8 41.Ke3 Rd6 
42.Re1 f4+ 43.Kf3+ Kf5 44.Re4 Kxg5 45.Re5+ Kf6 
46.Kxf4 Ra6 47.Ke4 Rd6 48.Re8 Kf7 49.Rc8 Ke7 
50.Ke5 Rf6 51.Re8+ {Thanks God you didn't took the 
draw... ;-)}  Kxe8 52.Kxf6 Kd7 53.Kxg6 Ke7 54.Kg7 
Kd6 55.Kf6 Kd7 56.Ke5 Ke7 57.d6+ Kd7 58.Kd5 Kd8 
59.Kxc5 Kd7 60.Kd5 Kd8 61.Ke6 Ke8 62.d7+ Kd8 63.c5 
Kc7 64.Ke7 1-0

[Event "HCL-B3858"]
[Site "www.playchess.de"]
[Date "2006.02.15"]
[Round "13"]
[White "Viking"]
[Black "evets"]
[WhiteElo "1087"]
[BlackElo "1392"]
[PlyCount "127"]
[Result "1/2-1/2"]

1.d4 e6 2.e4 d5 3.Nc3 Bb4 4.Bd2 Bxc3 5.Bxc3 Nd7 
6.exd5 exd5 7.Nf3 Ngf6 8.Bd3 O-O 9.O-O Re8 10.h3 
Ne4 11.Bd2 Ndf6 12.Bf4 c5 13.c4 Bf5 14.dxc5 dxc4 
15.Bxc4 Nxc5 16.Qxd8 Raxd8 17.Ne5 Be6 18.Rac1 Bxc4 
19.Rxc4 Nd5 20.Rxc5 Nxf4 21.Re1 f6 22.g3 Nxh3+ 
23.Kg2 Ng5 24.f4 Rd2+ 25.Kf1 fxe5 26.fxg5 e4 
27.Rb5 b6 28.a4 e3 29.b4 Rf8+ 30.Kg1 Re8 31.a5 Re6 
32.axb6 axb6 33.Kf1 Rd3 34.g4 Rd4 35.Ke2 Rxg4 
36.Kf3 Rge4 37.Rxb6 R6e5 38.b5 e2 39.g6 R4e3+ 
40.Kf2 hxg6 41.Rxg6 Kh7 42.Rc6 R3e4 43.Kf3 R5e7 
44.b6 g5 45.Rc7 Kg6 46.Rxe7 Rxe7 47.Rxe2 Rb7 
48.Rb2 Kh5 49.Ke4 g4 50.Kd5 g3 51.Kc6 Rg7 52.b7 
Rg6+ 53.Kc7 Rg7+ 54.Kb8 g2 55.Rxg2 Rxg2 56.Ka8 
Ra2+ 57.Kb8 Kg6 58.Kc7 Rc2+ 59.Kd6 Rb2 60.Kc7 Rc2+ 
61.Kb6 Rb2+ 62.Kc7 Rc2+ 63.Kb6 Rb2+ 
64.Kc7 1/2-1/2

[Event "HCL-A2557"]
[Site "www.playchess.de"]
[Date "2006.02.15"]
[Round "6"]
[White "earlyrunner"]
[Black "Matu"]
[WhiteElo "1600"]
[BlackElo "1528"]
[PlyCount "73"]
[Result "1-0"]

1.d4 Nf6 2.c4 e6 3.Nc3 d5 4.Bg5 Be7 5.e3 a6 6.Nf3 
dxc4 7.Bxc4 b5 8.Bd3 Bb7 9.Rc1 Nbd7 10.O-O O-O 
11.a3 Rc8 12.b4 Nd5 13.Bxe7 Nxc3 14.Bxd8 Nxd1 
15.Bxc7 Bxf3 16.gxf3 Nb2 17.Be2 Nf6 18.Bd6 Rfe8 
19.Bc5 Na4 20.Rfd1 Nxc5 21.dxc5 Red8 22.f4 Kf8 
23.Bf3 Nd5 24.Bxd5 exd5 25.Rd4 Ke7 26.Rcd1 a5 
27.R4xd5 Rxd5 28.Rxd5 axb4 29.axb4 Rc6 30.Kg2 Ke6 
31.e4 f6 32.f5+ Ke7 33.f4 g6 34.h4 gxf5 35.Rxf5 
Re6 36.Kf3 Kf7 37.e5 1-0

[Event "HCL-M863"]
[Site "www.playchess.de"]
[Date "2006.02.15"]
[Round "3"]
[White "richard"]
[Black "Duke01"]
[WhiteElo "1794"]
[BlackElo "1680"]
[PlyCount "73"]
[Result "1-0"]

1.e4 c5 2.Nf3 d6 3.Bb5+ Bd7 4.Bxd7+ Nxd7 5.O-O 
Ngf6 6.Qe2 e6 7.d3 Be7 8.Ng5 O-O 9.f4 h6 10.Nf3 
Rc8 11.Nc3 a6 12.e5 dxe5 13.fxe5 Nd5 14.Nxd5 exd5 
15.e6 Nf6 16.exf7+ Rxf7 17.Ne5 Rf8 18.Ng6 Re8 
19.Qe6+ Kh7 20.Qf5 Kg8 21.Bxh6 gxh6 22.Rae1 Rc6 
23.Ne5 Rf8 24.Rf3 Ne8 25.Nxc6 Rxf5 26.Nxd8 Rxf3 
27.gxf3 Kf8 28.Nxb7 Kf7 29.Rxe7+ Kxe7 30.Nxc5 {3 
pawns should be sufficient}  Nc7 31.Kf2 {here 
comes the king.}  Kd6 32.d4 a5 33.a4 Ne6 34.Nxe6 
Kxe6 35.f4 Kf5 36.Kf3 h5 37.b4 {the pawns are 
unstoppable}  1-0

[Event "HCL-C4090"]
[Site "www.playchess.de"]
[Date "2006.02.15"]
[Round "7"]
[White "nichju"]
[Black "Satellite"]
[WhiteElo "1003"]
[BlackElo "1093"]
[PlyCount "69"]
[Result "1-0"]

1.e4 {Hello from Germany and good luck}  e5 
{Greetings nichju!  Good luck to you also.}  2.Nf3 
Nc6 3.Bc4 Bc5 4.c3 Nf6 5.d4 Bd6 6.d5 Na5 7.Bd3 b6 
8.Bg5 O-O 9.O-O h6 10.Bh4 Nb7 11.Nbd2 Nc5 12.Bc4 
Ba6 13.Bxa6 Nxa6 14.Nc4 Be7 15.Nfxe5 Nc5 16.f3 a6 
17.b4 Nb7 18.Ne3 Nd6 19.c4 Nde8 20.Nf5 Bxb4 21.g4 
Bc3 22.Rc1 Bxe5 23.g5 Bf4 24.gxh6 Bxc1 25.hxg7 
Nxg7 26.Qxc1 Re8 27.Nh6+ Kf8 28.Re1 d6 29.Qf4 Ngh5 
30.Qg5 b5 31.Nf5 Ng8 32.Qxh5 f6 33.Qg6 Qd7 34.Bxf6 
Qf7 35.Bg7+ 1-0

[Event "HCL-B3775"]
[Site "www.playchess.de"]
[Date "2006.02.15"]
[Round "15"]
[White "coca"]
[Black "Rochade_III"]
[WhiteElo "1167"]
[BlackElo "646"]
[PlyCount "104"]
[Result "0-1"]

1.d4 d5 2.c4 c6 3.Nc3 Nf6 4.Bg5 e6 5.e3 Bb4 6.Bxf6 
Qxf6 7.Nf3 O-O 8.Be2 Nd7 9.O-O Nb6 10.c5 Nc4 
11.Bxc4 dxc4 12.a3 Bxc3 13.bxc3 b6 14.Ne5 bxc5 
15.Nxc6 cxd4 16.exd4 Bb7 17.Ne5 Rac8 18.Nd7 Qg6 
19.f3 Rfd8 20.Ne5 Qg5 21.Rb1 Bd5 22.h3 Qe3+ 23.Kh2 
Qxc3 24.Ra1 Rcb8 25.h4 Rb2 26.a4 Rdb8 27.Kg3 Rd2 
28.Qc1 Qxd4 29.Ng4 h5 30.Nf2 e5 31.Nh3 Be6 32.Rd1 
Rbb2 33.Rxd2 Rxd2 34.Qg1 e4 35.Nf4 exf3 36.Qxd4 
Rxd4 37.Nxe6 fxe6 38.gxf3 c3 39.Rc1 Rc4 40.a5 Kf7 
41.f4 Kf6 42.Kf3 e5 43.fxe5+ Kxe5 44.Kg3 Ke4 
45.Kf2 Kd3 46.Ke1 Re4+ 47.Kd1 c2+ 48.Rxc2 Rxh4 
49.Rd2+ Ke3 50.Kc2 g5 51.Kc3 g4 52.Ra2 
g3 0-1

[Event "HCL-E1541"]
[Site "www.playchess.de"]
[Date "2006.02.15"]
[Round "5"]
[White "hakam_kilani"]
[Black "alldrix"]
[WhiteElo "1738"]
[BlackElo "1600"]
[PlyCount "87"]
[Result "1-0"]

1.e4 e6 2.d4 d5 {hi!!}  3.exd5 exd5 4.Nf3 Nf6 
5.Bg5 Be7 6.Bd3 Bg4 7.Nbd2 O-O 8.c3 Ne4 9.Bf4 f5 
10.Qb3 b6 11.h3 Bh5 12.c4 c6 13.cxd5 Nxd2 14.Nxd2 
Bf7 15.Bxf5 Bxd5 16.Be6+ Bxe6 17.Qxe6+ Kh8 18.Be3 
Bf6 19.Qc4 Re8 20.O-O b5 21.Qc3 a5 22.a3 Qd5 
23.Nf3 Na6 24.Rac1 Nb8 25.Qc5 Qb3 26.Qc3 Qd5 
27.Rfd1 a4 28.Bf4 Re6 29.Qc5 Qxc5 30.Rxc5 Nd7 
31.Rc2 Nb6 32.Be5 Nd5 33.Bxf6 Rxf6 34.Ne5 Ne7 
35.Rdc1 Rc8 36.Nd7 Rd6 37.Ne5 Rxd4 38.Nxc6 Nxc6 
39.R2xc6 Rcd8 40.R6c5 Rb8 41.Rxb5 Rdd8 42.Rxb8 
Rxb8 43.Rc4 h6 44.Rb4 1-0

[Event "HCL-C4139"]
[Site "www.playchess.de"]
[Date "2006.02.15"]
[Round "2"]
[White "Francisco_d"]
[Black "Maneco"]
[WhiteElo "800"]
[BlackElo "1074"]
[PlyCount "50"]
[Result "0-1"]

1.e4 e5 {Olá amigo, tudo bem?}  2.Qh5 d6 3.Bc4 Nh6 
4.Qf3 Be7 5.d3 O-O 6.Nc3 Nc6 7.Qg3 Kh8 8.Bxh6 gxh6 
9.O-O-O Rg8 10.Qf3 Bg4 11.Qxf7 Rf8 12.Qd5 Bxd1 
13.Kxd1 Rxf2 14.Ke1 Qf8 15.d4 Bh4 16.Qe6 Rf6+ 
17.g3 Rxe6 18.Bxe6 Nxd4 19.Bg4 Bg5 20.Nd5 Qf7 
21.c4 Rf8 22.Nf3 Nxf3+ 23.Bxf3 Qxf3 24.Rg1 Qf2+ 
25.Kd1 Qd2+ 0-1

[Event "HCL-A2550"]
[Site "www.playchess.de"]
[Date "2006.02.15"]
[Round "8"]
[White "hal1958"]
[Black "kylejmiles"]
[WhiteElo "1480"]
[BlackElo "1472"]
[PlyCount "78"]
[Result "0-1"]

1.b4 {have a nice game}  e6 2.Bb2 Nf6 3.a3 c5 4.b5 
d5 5.e3 Bd6 6.Nf3 b6 7.c4 Bb7 8.Be2 O-O 9.O-O Nbd7 
10.d4 Qc7 11.g3 Ne4 12.Nbd2 Ndf6 13.dxc5 Bxc5 
14.Be5 Qd7 15.Nb3 Rac8 16.cxd5 Nxd5 17.Nxc5 Rxc5 
18.Bd4 Rc7 19.a4 Rfc8 20.Nd2 Nec3 21.Bxc3 Nxc3 
22.Qe1 Nxe2+ 23.Qxe2 R7c2 24.Rfd1 Qd5 25.e4 Qd4 
26.Qe3 Qb4 27.f3 R8c3 28.Qf4 Qd4+ 29.Kh1 Rd3 
30.Qb8+ Bc8 31.Rac1 Rdc3 32.Rxc2 Rxc2 33.Qf4 e5 
34.Qg5 f6 35.Qh5 Bd7 36.f4 Rxd2 37.Rxd2 Qxd2 
38.fxe5 Qe1+ 39.Kg2 Qxe4+ 0-1

[Event "HCL-A2554"]
[Site "www.playchess.de"]
[Date "2006.02.15"]
[Round "28"]
[White "mrchess"]
[Black "CYTO"]
[WhiteElo "1437"]
[BlackElo "1248"]
[PlyCount "113"]
[Result "1-0"]

1.d4 {good luck}  d5 {hello again}  2.e3 e6 3.Bd3 
Nf6 4.Nd2 a6 5.f4 Nc6 6.c3 Bd6 7.Ngf3 Ng4 8.O-O 
Nxe3 9.Qe2 Nxf1 10.Nxf1 Qf6 11.Ne5 Bxe5 12.fxe5 
Qe7 13.Qg4 g6 14.Bg5 Qd7 15.Bf6 Rg8 16.Qg5 h5 
17.Ne3 b5 18.Rf1 b4 19.Nd1 a5 20.Bb5 Ba6 21.Bxa6 
Rxa6 22.Rf3 bxc3 23.bxc3 Rb6 24.Qc1 Qc8 25.Rf2 Qb8 
26.Qd2 Rb1 27.Rf1 Ne7 28.Bxe7 Kxe7 29.Ne3 Rb2 
30.Qd3 Rxa2 31.Rb1 Rb2 32.Ra1 Qb6 33.Nd1 Rb3 
34.Qd2 Rb8 35.Qg5+ Kf8 36.Qf6 Rb1 37.Qh8+ Ke7 
38.Qf6+ Kd7 39.Qxf7+ Kc8 40.Rxb1 Qxb1 41.Qxe6+ Kb7 
42.Qxd5+ Ka6 43.Qf3 a4 44.e6 a3 45.e7 a2 46.Qc6+ 
Ka5 47.Qxc7+ Ka4 48.Qa7+ Kb3 49.Qxb8+ Kc2 50.e8Q 
Qxd1+ 51.Kf2 Qd2+ 52.Qe2 a1Q 53.Qxd2+ Kxd2 54.Qe5 
Qxc3 55.Qe1+ {qc3 was a bad move}  Kd3 {yep}  
56.Qxc3+ Kxc3 57.d5 1-0